000 00551nam a2200181Ia 4500
008 151018s9999 xx 000 0 und d
082 _bRBASDV42536
_a891.463
100 _aशिरीष कणेकर
245 _aफटकेबाजी
250 _b1
260 _bराजा प्रकाशन मुंबई
_c2006
300 _a264
600 _aशिरीष कणेकर
630 _aफटकेबाजी
700 _aशिरीष कणेकर
730 _aफटकेबाजी
942 _cBOOK
999 _c1041761
_d1041758